Biotechnologies et bio-industrie : Document complémentaire au rapport Sciences de la vie et société présenté par F. Gros, F. Jacob et P. Royer à monsieur le président de la République
This book introduce about biotechnologies et bio-industrie : document complementaire au rapport Sciences de la vie et societe presente par F. Gros, F. Jacob et P. Royer a monsieur le president de la Republique.
Đã lưu trong:
| Tác giả chính: | |
|---|---|
| Định dạng: | Sách |
| Ngôn ngữ: | Undetermined |
| Được phát hành: |
Paris
Seuil/Documentation française
1979
|
| Những chủ đề: | |
| Các nhãn: |
Thêm thẻ
Không có thẻ, Là người đầu tiên thẻ bản ghi này!
|
| Thư viện lưu trữ: | Trung tâm Học liệu Trường Đại học Cần Thơ |
|---|
| LEADER | 00983nam a2200217Ia 4500 | ||
|---|---|---|---|
| 001 | CTU_227545 | ||
| 008 | 210402s9999 xx 000 0 und d | ||
| 082 | |a 660.62 | ||
| 082 | |b R822 | ||
| 100 | |a Rosnay, Joël de | ||
| 245 | 0 | |a Biotechnologies et bio-industrie : | |
| 245 | 0 | |b Document complémentaire au rapport Sciences de la vie et société présenté par F. Gros, F. Jacob et P. Royer à monsieur le président de la République | |
| 245 | 0 | |c Joël de Rosnay | |
| 260 | |a Paris | ||
| 260 | |b Seuil/Documentation française | ||
| 260 | |c 1979 | ||
| 520 | |a This book introduce about biotechnologies et bio-industrie : document complementaire au rapport Sciences de la vie et societe presente par F. Gros, F. Jacob et P. Royer a monsieur le president de la Republique. | ||
| 650 | |a Vi sinh học công nghiệp,Industrial microbiology | ||
| 650 | |x Hội nghị,Congresses | ||
| 910 | |b dqhieu | ||
| 980 | |a Trung tâm Học liệu Trường Đại học Cần Thơ | ||